Statistiques concernant Top 10 pays européens les plus protestants

Cliquez ici pour prendre le quiz!

Statistiques générales

  • Ce quiz a été pris 5 815 fois
  • Le résultat moyen est 8 sur 10

Statistiques - réponses

%Pays% Correct
27Allemagne
95%
64Suède
92%
82Norvège
91%
50Royaume-Uni
91%
72Finlande
89%
76Danemark
87%
19Pays-Bas
83%
25Suisse
80%
76Islande
72%
20Lettonie
54%

Distribution des résultats

Percentile par nombre de réponses

% des personnes avec chaque résultat

Votre développement - résultats

Vous n’avez pas pris ce quiz